000 00278nam a22001337a 4500
020 _a978-81-89988-54-8
041 _aENG
100 _aKiran Bedi
245 _aI Dare
260 _aIndia
_bHay House India
_c2011
300 _a378
650 _aMarathi
856 _uMarathi ( 33 )
999 _c2245
_d2245